00773nam a2200229Ia 450000500170000000800410001702000260005804000190008404100120010308200160011524500630013126000410019430000210023550400500025665000360030665100400034270000260038285000100040894200070041899900160042595201020044120230428102314.0131103s9999 xx 000 0 und d a0-632-03388-6cRs. 75 aLoreto College aEnglish a618.24bSHE 4aThe psychology of pregnancy and childbirthcLorraine Sherr aLondonbBlackwell Science Ltd.c1995 axiv,306p, 22c.m. aIncludes bibliographical references and index aPregnancy-Psychological aspects aChildbirth- Psychological aspects  aSherr, Lorraine, auth aLCLIB cBK c2144d52623 00102ddc4070aMAINbMAINd2013-11-04l0o618.24 SHE 42459pB1020r2013-11-04w2013-11-04yBKf